| 000 | 01792nam a22002777a 4500 | ||
|---|---|---|---|
| 001 | 1317 | ||
| 005 | 20240906143509.0 | ||
| 020 | _a9789995054823 | ||
| 040 |
_aFISKH _beng _cFISKH _dFISKH |
||
| 082 | _a636.7 | ||
| 100 | _aTithseyha, Eam | ||
| 245 |
_aអាព្រីង / _cនិពន្ធរឿងដោយ អៀម ទិត្យសីហា - គូររូបដោយ សេង វិសុទ្ធ |
||
| 250 | _aបោះពុម្ពលើកទី ៩ខែកក្កដា ឆ្នាំ ២០២១ | ||
| 260 |
_aPhnom Penh : _bSipar, _c2021. |
||
| 300 |
_a36 pages : _bcolor illustrations ; _c25 cm |
||
| 490 | _aខ្ញុំចង់អាន | ||
| 505 | _aP | ||
| 520 | _aចាន់ណា ចង់បានឆ្កែស្អាតមួយ តែផ្ទុយទៅវិញ ឪពុករបស់នាងបានយកអាព្រីងដែលមានសម្បុរខ្មៅ រូបអាក្រក់មកឳ្យនាងចិញ្ចឹម ឈ្មោះ អាព្រីង។ នាងស្អប់វាណាស់ ហើយក៏បានយកវាទៅបោះបង់ចោល តែអាព្រីងជាអ្នកដែលបានជួយសង្គ្រោះជិវិតរបស់នាង។ | ||
| 520 | _aChanna wants a beautiful dog. Instead of that, her father adopts an ugly black dog name Ah Pring. She hated it and abandoned it, but Ah Pring was the one who saved her life. | ||
| 521 |
_a650
_bLexile estimate |
||
| 521 |
_aP
_bRaz-Plus |
||
| 650 |
_aអាព្រីង _vជួយសង្គ្រោះ _xបោះបង់ |
||
| 650 |
_aAh Pring _vSave _xAbandon |
||
| 700 |
_aVisoth, Seng _cillustrator |
||
| 942 |
_2ddc _cBK _n0 |
||
| 999 |
_c1317 _d1317 |
||